Bài tập dao động kỹ thuật
Sách gồm các bài tập về dao động tuyến tính của hệ một bậc tự do, hệ hữu hạn bậc tự do và hệ vô hạn bậc tự do
Đã lưu trong:
| Format: | Bog |
|---|---|
| Sprog: | Undetermined |
| Udgivet: |
Hà Nội
Khoa học và Kỹ thuật
2005
|
| Fag: | |
| Tags: |
Tilføj Tag
Ingen Tags, Vær først til at tagge denne postø!
|
| Thư viện lưu trữ: | Trung tâm Học liệu Trường Đại học Cần Thơ |
|---|
| LEADER | 00862nam a2200205Ia 4500 | ||
|---|---|---|---|
| 001 | CTU_94389 | ||
| 008 | 210402s9999 xx 000 0 und d | ||
| 020 | |c 27000 | ||
| 082 | |a 620.3076 | ||
| 082 | |b B103/2005 | ||
| 245 | 0 | |a Bài tập dao động kỹ thuật | |
| 245 | 0 | |c Nguyễn Văn Khang ... [et al.] | |
| 260 | |a Hà Nội | ||
| 260 | |b Khoa học và Kỹ thuật | ||
| 260 | |c 2005 | ||
| 520 | |a Sách gồm các bài tập về dao động tuyến tính của hệ một bậc tự do, hệ hữu hạn bậc tự do và hệ vô hạn bậc tự do | ||
| 650 | |a Vibration,Dao động | ||
| 650 | |x Problems, exercises, etc,Câu hỏi và bài tập | ||
| 904 | |i Tuyến, Huỳnh Mai chuyển số PL về 620.3076 | ||
| 980 | |a Trung tâm Học liệu Trường Đại học Cần Thơ | ||